Kollegah lines Quiz - Statistiken

Allgemein
  • Dieses Quiz wurde 99 mal gespielt
  • Das Durchschnittsergebnis liegt bei 4 aus 26
Antwortstatistiken
Line Track % Korrekt
Machte 7k im Monat, weit vor meiner Rapkarriere/Schneide wie 'ne Heckenschere, schneide wie 'ne Kettensäge/ Schneide wie ein motivierter Deutscher in der Metzgerlehre/ Sommer
73%
Das Grundproblem von Rappern ist: Sie sind gottlose Menschen, die/Sich für Magier halten, nur weil sie Stoff ohne Ende zieh'n/ Alphagenetik
35%
Ey, in meiner Freizeit spiel' ich Basketball, mache Drive-bys, steig' auf das Gaspedal/Es ist Crime-Time, mein Kofferraum gleicht einem Militärstützpunktwaffenarsenal/ Showtime
27%
Denn die Welt, in der wir leben, ist die Dose von Pandora/Wir benehmen uns wie Dionysos in Sodom und Gomorrha/ Universalgenie
26%
Da ist kein Louis-Muster drauf (Oh), Junge, Louis muss da drauf (Okay) Angeberprollrap Deluxe
21%
Mache Millioneninvestments auf der Silk Road in Geschäften/Weil ich Asche mach' wie Grillkohle mit Pill'ndosen in Päckchen/ Nero
20%
Flashback, Einbruch, die Kilos unterm Bett weg/15€ übrig für ein Mikro und ein Headset/ Regen
20%
Narcos-Vibe und die Geige spielt/Während der Cop grad die Silhouette der Tatortleiche mit Kreide zieht/ Showtime Fourever
18%
Zügel deine Zunge, wenn der Boss am flow'n ist/Oder der Kanada-Deutsche ballert auf euch/ Und ihr liegt am Boden wie Obdachlose/ Big Boss
17%
Du Sohn einer Hündin siehst die Kokstickergröße mit Ahornblatt/Und fliehst wie ich meine Wohnzimmerböden mit Marmorkacheln/ Hiroshima
14%
Hör' ich meine eigene Stimme durch die Außentüren der Diskos/Kollegah-Tracks laufen in den Autos wie die Flintstones/ Westside
14%
Wir halten an 'nem Kran an, öffnen Schiffscontainer/Gehen rein und leeren Boxen wie die Klitschko-Trainer/ Carpe Diem
11%
Egal wie schwul der Beat is', ich flow' sick und deine Hure liebt es/Ich schicke diese Nutte anschaffen im Kiez, wenn ich grade nich' an deiner Schule Speed tick'/ Kolumbianer
11%
Check die Gold-Chain, Schwergewichtsklasse/Schmerzen im Nacken liegen an der Kette wie Kerker-Insassen/ Tropische Tierpelze
11%
Denn mein Herz, es schlägt weiter wie Cage-Fighter/Probleme sind keine Stoppschilder, sondern Wegweiser/ Lauf
10%
Macht einen auf Romantik, Bitch, du willst Romantik, ich verpass' dir herzförmige Cumshots/Ich verwöhne sie samstags/ Häng' sie dann sonntags an die Decke und mach' sie zu mei'm persönlichen Sandsack/ Monte Carlo Kokasession
10%
Schicksal als nichts habende, rumnervende Parkbankschläfer/Hunderte von Hoes finden mich umwerfend wie Nahkampftrainer/ Time is Money
10%
Hielt mich über Gras aufm Laufenden wie Pferdejockeys/Zwei, drei Kilos während der Dauer eines Werbeblockes/ Mogul
8%
Guck, wie ich in deinen Holzkopf shoote/Bis er aus einer Öffnung in der Größenordnung eines Golflochs blutet/ Ridermusic
7%
Ich steig' in den Jet, mach' Business mit 'nem Kolumbianer-Ring/Schmuggel Stoff im Dekolleté einer Vollblut-Spanierin/ Drugs in den Jeans
6%
Authentisches Gee-Image, Armbanduhr in Silber/Ich schlage dich und deine Zähne sind lose so wie Jahrmarktbudeninhalt/ Halftime Freestyle
6%
Denn wenn ich in deine Villa komme und deine Verwandten, diese relativ harmlosen Opfer/Routiniert mit einem Schlagstock geboxt hab', sind sie allesamt zahnlose Opfer/ Showtime 3
6%
Hier gibt es täglichen Struggle, Gees gucken teilnahmslos/Und stechen dich ab für drei Gramm Koks, einfach so/ Edelmetalle
5%
Denn ich hab' so viel Geld, auch abzüglich Vermögenssteuer/Im Grunde brauch' ich gar nie touren wie Möbelhäuser/ Cosmopolit
2%
Auf einmal tragen fremde Menschen die Texte von mir auf den Bizeps tätowiert/Ich hab’ Streetrap etabliert/ Feuerwerk
2%
Kid, ey, ihr lasst gerne mal öfters den Gangster raushängen/Ey, ich lass gerne mal öfters aus geöffnetem Fenster Möchtegerngangster raushängen/ Pokerfacekönig
2%
Keine übereinstimmenden Quizze gefunden
Verteilung der Resultate
Anzahl Personen mit jedem Resultat
Perzentil nach korrekt beantworteten Fragen
Ihre Resultats-Entwicklung
Sie haben dieses Quiz noch nicht gespielt